Random Pictures - Statistics

General Stats
  • This quiz has been taken 41 times
  • The average score is 10 of 16
Answer Stats
Picture Answer % Correct
Book
94%
Bus
92%
Owl
92%
Taj Mahal
92%
Giraffe
89%
Halloween
83%
Isaac Newton
72%
Mozart
72%
Math
69%
Scale
64%
Dwight D Eisenhower
58%
Greyhound
47%
Suriname
39%
Pound
36%
Great Barrier Reef
28%
Guns n Roses
19%
No matching quizzes found
Score Distribution
Percent of People with Each Score
Percentile by Number Answered
Your Score History
You have not taken this quiz